Droit des suretes
About France civil law
Αποθηκεύτηκε σε:
| Κύριος συγγραφέας: | |
|---|---|
| Μορφή: | Βιβλίο |
| Γλώσσα: | Undetermined |
| Έκδοση: |
Paris
LexisNexis
2011
|
| Θέματα: | |
| Ετικέτες: |
Προσθήκη ετικέτας
Δεν υπάρχουν, Καταχωρήστε ετικέτα πρώτοι!
|
| Thư viện lưu trữ: | Trung tâm Học liệu Trường Đại học Cần Thơ |
|---|
| LEADER | 00490nam a2200193Ia 4500 | ||
|---|---|---|---|
| 001 | CTU_215247 | ||
| 008 | 210402s9999 xx 000 0 und d | ||
| 082 | |a 346.44092 | ||
| 082 | |b A538 | ||
| 100 | |a Ancel, Pascal | ||
| 245 | 0 | |a Droit des suretes | |
| 245 | 0 | |c Pascal Ancel | |
| 260 | |a Paris | ||
| 260 | |b LexisNexis | ||
| 260 | |c 2011 | ||
| 520 | |a About France civil law | ||
| 650 | |a Security (law) | ||
| 904 | |i Nguyên | ||
| 980 | |a Trung tâm Học liệu Trường Đại học Cần Thơ | ||